00511 a2200169 4500020002300000035001300023037004800036082001000084100002400094245006500118250001300183260003600196270004200232300002900274500002000303700001800323 a8177581899c350.00 aB-194420 bRP-ZLS-2662 / PANSY-06-07:11 / RP-06-07:ENG a658.11 aRobbins, Stephen P.1 aOrganizational behaviorcby Stephen P. Robbins, Seema Sanghi a11th ed. aDelhibDorling Kindersleyc2006 a482, F.I.E. PatparganjcDelhie110092 axxiv, 622 pc28 cm (pbk) aIncludes index aSanghi, Seema